000 01198nam1a22003371 4500
001 v19\rc\1942550
005 20251118180842.1
035 _a(NLR Aleph) 005028712
090 _a6667609
_c6667609
100 _a20251123 rusy50
101 1 _arus
_cger
102 _aRU
105 _a z |||||
200 1 _aДиагностика и терапия болезней желудка
_fПроф. И. Боас
_gС предисл. проф. Моск. высш. жен. курсов Д.Д. Плетнева. Т. 1-2
210 _aМосква
_cСоврем. проблемы
_d1913-1914
215 _a2 т.
_d24
700 1 _aБоас
_bИ.
_f1858-
_gИзмар
702 1 _4080
_aПлетнёв
_bД. Д.
_cмедик
_f1873-1941
_gДмитрий Дмитриевич
_9199766
_3RU\NLR\AUTH\770199817
801 0 _aRU
_bNLR
_gpsbo
801 0 _aRU
_bRuMoRGB
_2psbo
801 1 _aRU
_bProSoft-M
_2rusmarc
852 _aNLR
_j+Шифры разные
852 _aNLR
_j51/898
899 _aRuMoRGB
_jC 57/45
899 _aRuMoRGB
_jРб 3/1358
899 _aRuMoRGB
_jРб 3/1357
899 _aБАН
899 _aRuMoRGB
_jD 58/36
899 _aRuMoRGB
_jF 133/132
942 _cBOOK
980 _aNB